| 000 | 02595cam a22004574i 4500 | ||
|---|---|---|---|
| 003 | PE-LiUPU | ||
| 005 | 20250731183332.0 | ||
| 008 | 050823s2004 xx 000 0 spa d | ||
| 020 | _a9789972885709 | ||
| 020 | _a9972885704 | ||
| 035 | _a(Sirsi) i9789972885709 | ||
| 040 |
_aGBVCP _bspa _erakwb _cGBVCP _dPE-LiUPU _erda |
||
| 049 | _aPRUA | ||
| 050 | 4 | _aF2270.2.B6 | |
| 082 | 0 | 4 |
_a728.08998 _bM26 |
| 100 | 1 |
_aMarussi Castellan, Ferruccio, _eautor. |
|
| 245 | 1 | 0 |
_aArquitectura vernacular amazónica: la maloca : _bvivienda colectiva de los boras / _cFerruccio Marussi Castellán. |
| 250 | _aPrimera edición. | ||
| 264 | 3 |
_aLima : _bEditorial Universitaria, Universidad Ricardo Palma, _c2004. |
|
| 300 |
_a254 páginas : _bilustraciones ; _c24 centímetros. |
||
| 336 |
_text _2rdacontent |
||
| 337 |
_unmediated _2rdamedia |
||
| 338 |
_volume _2rdacarrier |
||
| 504 | _aBibliografía : páginas 245-254. | ||
| 505 | 2 | _aMetodología -- El medio geográfico y el paisaje amazónico -- Los grupos étnicos que conservan la tradicción constructuva de la maloca -- Antecendentes históricos -- Densidades de edificación y características de la ocupación del territorio -- Localización de asentamientos humanos visitados y malocas levantadas -- Los levantamientos realizados -- Tamaños formas y proporciones -- Características funcionales y simbólicas -- Los materiales utilizados -- Los sistemas y procesos constructivos -- La especialización del trabajo y perdurabilidad de la tradición constructiva. | |
| 526 | _aP158 | ||
| 526 | _aP146 | ||
| 526 | _aP17 | ||
| 526 | _aP12 | ||
| 526 | _aP06 | ||
| 541 | _g019-0024019: | ||
| 653 | 8 | 0 |
_aArquitectura vernácula _zPerú _zAmazonía. |
| 942 |
_2ddc _cBOOK |
||
| 949 |
_a728.08998 M26 _wDEWEY _c1 _i69381 _lCCODEBUL1 _mBUL _p7.55 _r0 _sY _tBOOK _u2016-9-14 _xINGENIERIA _PP06 _0COMPRA _o.STAFF. Colección FIA |
||
| 949 |
_a728.08998 M26 _wDEWEY _c2 _i74459 _e2015-9-1 _lCCODEBUL1 _mBUL _n1 _p7.55 _r0 _sY _tBOOK _u2016-8-12 _xINGENIERIA _PP06 _0COMPRA _o.STAFF. Colección General |
||
| 994 |
_aC0 _bPEPRU |
||
| 596 | _a1 | ||
| 999 |
_a728.08998 M26 _wDEWEY _c5973 _i69381 _d5973 _f2021-11-30 _g7 _lCCODEBUL1 _mBUL _p7.55 _q2 _r0 _sY _tBOOK _u2016-9-14 _xINGENIERIA _PP06 _0COMPRA _o.STAFF. Colección FIA |
||
| 999 |
_a728.08998 M26 _wDEWEY _c2 _i74459 _d2019-7-16 _e2019-7-9 _f2021-11-30 _g7 _lCCODEBUL1 _mBUL _n9 _p7.55 _q1 _r0 _sY _tBOOK _u2016-8-12 _xINGENIERIA _PP06 _0COMPRA _o.STAFF. Colección General |
||
| 980 |
_81 _gALBERTO SANCHEZ Responsable de Automatización |
||